000 00608nam a22001937a 4500
003 UA-OsUOA
001 6555
007 ta
008 20040505b un ||||| |||| 00| 0 ukr d
100 _aМедведєва Л.
700 _aГончарова Н.
942 _cSA
040 _aUA-OsUOA
_cUA-OsUOA
_dUA-OsUOA
245 _aЗміни в законодавстві щодо організаційно-правових форм юридичних осіб
300 _aС.125-131
955 _a0
773 0 _w0
_tПраво України
_dКиїв
_d2004
_gN4
650 7 _aЦивільне право
_2UDC
999 _c292716
_d292716